Desarrollo de un controlador inteligente para aires acondicionados utilizando lógica difusa y comunicación infrarroja IR
Presenta el desarrollo de un controlador inteligente para aires acondicionados. Este dispositivo se encarga de la configuración automática del termostato, el encendido y apagado del aire acondicionado, basándose en la humedad y temperatura interior, utilizando un sistema fuzzy para la toma de dec...
| Main Author: | |
|---|---|
| Other Authors: | |
| Format: | Tesis Section = Libro |
| Language: | Undetermined Spanish |
| Published: |
Managua
UNI
2019
|
| Subjects: |
| LEADER | 01370nam a2200265Ia 4500 | ||
|---|---|---|---|
| 008 | 240830s9999 xx 000 0 und d | ||
| 040 | |a BIBLIOTECA-RUSB/ Mon 629.8 D352 | ||
| 041 | |a spa | ||
| 082 | |a Mon 629.8 D352 | ||
| 100 | 1 | |a Delgado Rocha, Josué Enrique | |
| 245 | 1 | 0 | |a Desarrollo de un controlador inteligente para aires acondicionados utilizando lógica difusa y comunicación infrarroja IR |
| 260 | |a Managua |b UNI |c 2019 | ||
| 300 | |a 92 p. :il. | ||
| 500 | |a Contiene: anexos y CD | ||
| 502 | |a Tesis (Ingeniero Electrónico) - UNI, 2019. | ||
| 520 | 3 | |a Presenta el desarrollo de un controlador inteligente para aires acondicionados. Este dispositivo se encarga de la configuración automática del termostato, el encendido y apagado del aire acondicionado, basándose en la humedad y temperatura interior, utilizando un sistema fuzzy para la toma de decisiones, y enviando los comandos de configuración correspondiente mediante una comunicación infrarroja. La finalidad de ese dispositivo es lograr una reducción en el consumo energético de este aparato | |
| 650 | 7 | |a CONTROL AUTOMATICO | |
| 650 | 7 | |b DISPOSITIVOS ELECTRONICOS | |
| 650 | 7 | |c MICROCONTROLADOR | |
| 650 | 7 | |d CONTROLADOR INTELIGENTE | |
| 650 | 7 | |e CONSUMO ENERGETICO-MEDICION | |
| 700 | 1 | |a Tutor: |b Gaitán, Alvaro Antonio | |
| 942 | |c BK |2 ddc | ||
| 991 | |a TESIS | ||
| 999 | |c 20525 | ||